2000s Movies #1 - Statistics

General Stats
  • This quiz has been taken 101 times
  • The average score is 9 of 16
Answer Stats
Picture Answer % Correct
Shrek
99%
Gladiator
95%
The Dark Knight
89%
The Incredibles
89%
Superbad
67%
No Country for Old Men
60%
V for Vendetta
59%
28 Days Later
54%
Donnie Darko
54%
The Last Samurai
42%
Pan's Labyrinth
39%
Hotel Rwanda
33%
Snatch
27%
Into the Wild
24%
Cinderella Man
23%
Black Hawk Down
21%
No matching quizzes found
Score Distribution
Percent of People with Each Score
Percentile by Number Answered
Your Score History
You have not taken this quiz